Strategies for Attracting Foreign Direct Investment to Ukraine. Challenges, Risks and Opportunities dizertačná práca

Gespeichert in:
Bibliographische Detailangaben
1. Verfasser: Rivna, Anna, 1992-
Körperschaft: Fakulta medzinárodných vzťahov EU. Katedra medzinárodných ekonomických vzťahov a hospodárskej diplomacie
Weitere Verfasser: Grešš, Martin, 1978-
Format: Buch
Sprache:Englisch
Veröffentlicht: Bratislava 2022
Schlagworte:
Tags: Tag hinzufügen
Keine Tags, Fügen Sie das erste Tag hinzu!

MARC

LEADER 00000nbm a2200000 4500
001 0291401
005 20230517095120.3
041 0 |a eng 
044 |a SK 
245 1 0 |a Strategies for Attracting Foreign Direct Investment to Ukraine. Challenges, Risks and Opportunities  |b dizertačná práca  |c Anna Rivna ; školiteľ: Martin Grešš 
264 1 |a Bratislava  |c 2022 
300 |a 159 s. 
610 2 0 |a investície priame zahraničné 
610 2 0 |a stratégia investičná 
610 2 0 |a Ukrajina 
100 1 |a Rivna, Anna, 1992- 
700 1 |a Grešš, Martin, 1978- 
710 2 |a Fakulta medzinárodných vzťahov EU. Katedra medzinárodných ekonomických vzťahov a hospodárskej diplomacie